Dinosaures - Mort Subite - Statistiques

Statistiques générales
  • Ce quiz a été pris 1 301 fois
  • Le résultat moyen est 4 sur 30
Answers on the Grid
Answers color-coded by a green-red scale on the quiz's grid according to % correct below.
Tyrannosaurus
Tropeognathus
Dracorex
Torosaurus
Mosasaurus
Pterodactylus
Plesiosaurus
Amphicoelias
Nigersaurus
Stygimoloch
Pachycephalosaurus
Tyrajosaurus
Ankylosaurus
Deinonychus
Utahraptor
Carnosaurus
Coelophysis
Compsognathus
Psittacosaurus
Brachiosaurus
Irritator
Microraptor
Therizinosaurus
Ceratosaurus
Dilaphasaurus
Gigasaurus
Saurititan
Stegorex
Anomalocaris
Alloraptor
Raptorodon
Dimetrodon
Mei
Troodon
Quetzacoatlus
Tanystropheus
Dunkleosteus
Plateosaurus
Placodus
Deinosuchus
Lagosuchus
Nothosaurus
Pistosaurus
Chamaeleosaurus
Xenosaurus
Shinisaurus
Spinosaurus
Guanlong
Baryonix
Supersaurus
Gigantoraptor
Raptorex
Alosaurus
Thanatotheristes
Opabinia
Pinacosaurus
Euoplocephalus
Archosaurus
Technosaurus
Pantydraco
 
Statistiques - réponses
Réponse % Correct
Tyrannosaurus
33%
Brachiosaurus
28%
Ankylosaurus
27%
Spinosaurus
24%
Baryonix
20%
C'est un dromaeosauridé Deinonychus
18%
Jouable au scrabble ? Therizinosaurus
18%
Le plus intelligent des dinosaures, c'est à dire autant que ton chat Troodon
18%
Le plus petit des dinosaures Microraptor
17%
Ceratosaurus
16%
Le plus rapide des dinosaures Compsognathus
16%
Le genre est valide, et englobe Dracorex et Stygimoloch également Pachycephalosaurus
16%
C'est un dromaeosauridé Utahraptor
16%
Pour simplifier, c'est un oviraptor géant Gigantoraptor
15%
Oui, le genre existe Irritator
13%
Un petit ceratosauridé Coelophysis
12%
Eh oui ça existe Guanlong
12%
C'est "le plus moche de tout les dinosaures" Nigersaurus
12%
Psittakos signifie en grec ancien "Perroquet", d'où la ressemblance avec la psittacose Psittacosaurus
11%
Le genre englobe potentiellement Triceratops horridus Torosaurus
11%
C'est un protosauropode Plateosaurus
10%
C'est un ankylosaure Euoplocephalus
9%
Supersaurus
9%
Alors, c'est un nomen dubium, mais faute de contrexemple ça existe :P Raptorex
7%
Eh oui "Mei long" est le nom le plus court valide des reptiles Mei
4%
C'est un ankylosaure Pinacosaurus
4%
Le dinosaure le plus moderne, nan c'est faux en vrai c'est probablement Zonotrichia ou Hylocichla Technosaurus
4%
C'est vraiment le dinosaure le plus aléatoire que j'ai trouvé 😂 Thanatotheristes
4%
C'est un sauropode valide Amphicoelias
3%
Ce n'est pas un Pokemon, ça existe lol Pantydraco
2%
Aucun quiz correspondant
Distribution des résultats
% des personnes avec chaque résultat
Percentile par nombre de réponses
Votre historique - résultats
Vous n’avez pas pris ce quiz